4 Movies, 1 Thing in Common IV Quiz Stats

Quiz Updated Apr 23, 2016

Challenge
Share
Tweet
Embed
Score 0/16 Timer 04:00
81 Plays Today
% Correct
FBI movies
91.1%
About musical bands
85.3%
Features an athlete actor
83.6%
Released In 2010
83.3%
Stars Penélope Cruz
82.9%
Set in the future
82.7%
Set in Africa
80.2%
Sequel after a 10+ year gap
79.9%
% Correct
One battles many
76.9%
Alien invasions
75.7%
Movies with rules
75%
British gangster movies
74.2%
Set in Ireland
74%
Has waterfall scenes
71.9%
Epidemics
71.2%
Sean Bean dies
68.7%

You're not logged in!

Compare scores with friends on all Sporcle quizzes.
Join for Free
OR
Log In

You Might Also Like...

Show Comments

Extras

Top Quizzes Today


Score Distribution

Your Account Isn't Verified!

In order to create a playlist on Sporcle, you need to verify the email address you used during registration. Go to your Sporcle Settings to finish the process.

Report this User

Report this user for behavior that violates our Community Guidelines.

Details: